书目信息 |
| 书名: | Skulduggery Pleasant | |
| 作者: | Derek Landy | |
| 分册号: | ||
| 分册名: | 出版地: |
|
| 出版社: | HarperCollins | |
| 出版时间: | 2008 | |
| 页数: | 350P | |
| 开本: | 24CM | |
| 丛书名: | ||
| 中图分类号: | ||
| 科图分类号: | ||
| 其他分类号: | I521.84 | |
| 主题词: | ||
| 电子资源: | ||
| 000 | 00395nam0 2200145 450 | |
| 001 | 202012001217 | |
| 005 | 20121107164524.0 | |
| 008 | 12110601s | |
| 020 | @a9780007257058@c$10.99 | |
| 099 | @dI521.84@eD4316 | |
| 245 | 10 | @aSkulduggery Pleasant@bPlaying with Fire @cDerek Landy |
| 260 | 0 | @bHarperCollins@c2008 |
| 300 | @a350P@c24CM | |
| 905 | @b10316 | |
| 905 | @aTSG@dI521.84@eD4316 | |
| Skulduggery Pleasant : Playing with Fire / Derek Landy.-HarperCollins , 2008 |
| 350P ; 24CM |
| ISBN 9780007257058$10.99 |
| ● |
| 相关链接 |
|
|
|
正题名:Skulduggery Pleasant
索取号:I521.84/D4316
 
预约/预借
| 序号 | 登录号 | 条形码 | 馆藏地/架位号 | 状态 | 备注 |
| 1 | 10316 | 300103162 | 文学库116/400A自科库 15排3列4层/ [索取号:I521.84/D4316] | 在馆 |